|
|
|
|
| LEADER |
00000nam0a2200000 4500 |
| 001 |
365840 |
| 005 |
20231102011826.0 |
| 035 |
|
|
|a (RuTPU)RU\TPU\retro\23203
|
| 090 |
|
|
|a 365840
|
| 100 |
|
|
|a 20220124d1979 km y0rusy50 ca
|
| 101 |
0 |
|
|a rus
|
| 102 |
|
|
|a RU
|
| 105 |
|
|
|a a z 001zy
|
| 200 |
1 |
|
|a Литология и геохимия современных озерных отложений гумидной зоны (на примере оз. Ханка)
|f А. М. Короткий, М. А. Михайлов, И. В. Китаев, В. Б. Курносов
|g Академия наук СССР, Дальневосточный научный центр, Дальневосточный геологический институт
|
| 210 |
|
|
|a Москва
|c Наука
|d 1979
|
| 215 |
|
|
|a 124 с.
|c ил.
|
| 320 |
|
|
|a Библиогр.: с. 119-123
|
| 606 |
1 |
|
|a Озерные отложения
|2 stltpush
|3 (RuTPU)RU\TPU\subj\46840
|9 65934
|
| 610 |
1 |
|
|a Дальний Восток
|
| 610 |
1 |
|
|a озеро Ханка
|
| 610 |
1 |
|
|a бассейны
|
| 610 |
1 |
|
|a природные условия
|
| 610 |
1 |
|
|a структура
|
| 610 |
1 |
|
|a минералогический состав
|
| 610 |
1 |
|
|a донные осадки
|
| 610 |
1 |
|
|a геохимия
|
| 610 |
1 |
|
|a гумидные зоны
|
| 610 |
1 |
|
|a седиментогенез
|
| 675 |
|
|
|a 551.312.4
|v 4
|
| 701 |
|
1 |
|a Короткий
|b А. М.
|
| 701 |
|
1 |
|a Михайлов
|b М. А.
|
| 701 |
|
1 |
|a Китаев
|b И. В.
|
| 701 |
|
1 |
|a Курносов
|b В. Б.
|
| 712 |
0 |
2 |
|a Академия наук СССР
|b Дальневосточный научный центр
|b Дальневосточный геологический институт
|c (Владивосток)
|2 stltpush
|3 (RuTPU)RU\TPU\col\11563
|9 25185
|
| 801 |
|
1 |
|a RU
|b 63413507
|c 20220124
|
| 942 |
|
|
|c BK
|